2017 population & housing census of Bhutan / (Record no. 7384)

MARC details
000 -LEADER
fixed length control field 00498nam a2200145 4500
001 - CONTROL NUMBER
control field 8530
005 - DATE AND TIME OF LATEST TRANSACTION
control field 20181127190155.0
090 00 - LOCALLY ASSIGNED LC-TYPE CALL NUMBER (OCLC); LOCAL CALL NUMBER (RLIN)
Classification number (OCLC) (R) ; Classification number, CALL (RLIN) (NR) 315.498
110 ## - MAIN ENTRY--CORPORATE NAME
Corporate name or jurisdiction name as entry element National Statistics Bureau, Royal Government of Bhutan.
Subordinate unit
Location of meeting
Date of meeting or treaty signing
Relator term
Number of part/section/meeting
Name of part/section of a work
245 00 - TITLE STATEMENT
Title 2017 population & housing census of Bhutan /
Remainder of title
Statement of responsibility, etc. National Statistics Bureau.
Medium
260 00 - PUBLICATION, DISTRIBUTION, ETC.
Place of publication, distribution, etc. Thimphu :
Name of publisher, distributor, etc. National Statisitcs Bureau.
Date of publication, distribution, etc. 2018.
300 00 - PHYSICAL DESCRIPTION
Extent 268 pages ; 29 cm.
500 00 - GENERAL NOTE
General note Chiefly statistics.
650 00 - SUBJECT ADDED ENTRY--TOPICAL TERM
Topical term or geographic name entry element Population forecasting --Bhutan --Statistics.
General subdivision
Holdings
Withdrawn status Lost status Source of classification or shelving scheme Damaged status Not for loan Collection code Home library Current library Shelving location Serial Enumeration / chronology Inventory number Total Checkouts Full call number Barcode Date last seen Copy number Price effective from Koha item type Total Renewals Date last checked out Date acquired
    Dewey Decimal Classification     Periodicals RTC Library RTC Library Periodicals 13004   Periodicals Serials 30013165 27/11/2018 1 27/11/2018 Periodicals      
    Dewey Decimal Classification     Periodicals RTC Library RTC Library Periodicals 13005 1 Periodicals Serials 30013622 07/11/2019 2 27/11/2018 Periodicals 4 03/10/2019  
          Main TEST RTC Library RTC Library Main opac 13006 8 315.498 N27t 2018 30013363 13/06/2025 3 27/11/2018 Main 8 02/06/2025 01/03/2021
    Dewey Decimal Classification     STORAGE RTC Library RTC Library STORAGE 13007 1 Periodicals Serials 30013426 18/10/2019 4 27/11/2018 Storage   18/10/2019 27/09/2021
    Dewey Decimal Classification     STORAGE RTC Library RTC Library STORAGE 13008 1 Periodicals Serials 30013089 17/09/2019 5 27/11/2018 Storage   11/09/2019 27/09/2021
    Dewey Decimal Classification     Periodicals RTC Library RTC Library Periodicals 13009   Periodicals Serials 30013512 27/11/2018 6 27/11/2018 Periodicals      
Royal Thimphu College || All Right Reserved